4-Letter Movie Women Quiz Stats

 Plays Quiz not verified by Sporcle

Score 0/18 Timer 04:00
1 Play Today
Hint Name % Correct
____ PoppinsMary
98.6%
____ TurnerTina
95.7%
____ BrockovichErin
93.2%
Queen ____Elsa
89.8%
____ OrganaLeia
89.7%
____ DeWitt BukaterRose
83.4%
____ LaneLois
80.8%
____ WoodsElle
77.7%
'____' HousemanBaby
77.4%
Hint Name % Correct
____ MacGuffJuno
75.8%
____ HorowitzCher
64.7%
____ ModeEdna
61.2%
Miss ____ BrodieJean
54.6%
____ SullivanAnne
53.3%
____ BrownFoxy
46.7%
____ LundIlsa
45.6%
____ ForrestAlex
33%
____ Van DyneHope
26.8%

You're not logged in!

Compare scores with friends on all Sporcle quizzes.
OR
Log In

Sporcle TV

Today on Sporcle TV


Watch our educational content, quiz creation guides, and fun videos on Sporcle TV.

Show Comments

Extras

Top Quizzes Today


Score Distribution

Your Account Isn't Verified!

In order to create a playlist on Sporcle, you need to verify the email address you used during registration. Go to your Sporcle Settings to finish the process.

Report this User

Report this user for behavior that violates our Community Guidelines.

Details: